| 000 | 00493nam a2200169Ia 4500 | ||
|---|---|---|---|
| 003 | GCL | ||
| 005 | 20240530100413.0 | ||
| 008 | 140319s9999 xx 000 0 eng d | ||
| 040 |
_aGCL / _cGCL |
||
| 082 | 0 | 4 |
_a784.2184 _bF M1 \\=aFRANKLIN, PETER.v |
| 100 | _aFRANKLIN, PETER | ||
| 245 | 1 | 0 |
_aMAHLER: SYMPHONY no.3 _cFRANKLIN, PETER |
| 260 |
_a[S.N] : _bCAMLRIDGE UNIVERSITY PRESS |
||
| 650 | 0 | 4 | _aMAHLER, GUSTAU, 1860 - 1911 |
| 650 | 0 | 4 | _aOSYMPHONIES ANALYSIS APPRECIATION |
| 942 |
_2ddc _cBK |
||
| 999 |
_c17355 _d17355 |
||